Statistics for Iraq General Knowledge Quiz

Click here to take the quiz!

General Stats

  • This quiz has been taken 13 times
  • The average score is 6 of 13

Answer Stats

HintAnswer% Correct
What is the second most populous city in Iraq?Mosul
89%
Which two main rivers flow through Iraq?Tigris
89%
Euphrates
78%
Born in 1937 which President of Iraq was elected on the 16th July 1979 and deposed on the 9th April 2003?Saddam Hussein
78%
What was the land between these rivers called in Greek?Mesopotamia
67%
What ancient wonder of the world was supposedly located in IraqThe Hanging Gardens of Babylon
56%
What is the main religion in IraqMuslim
33%
What revolutionary object used on Planes, Cars, and Trains today was discovered in Iraq in the 4th millennium BC?The Wheel
33%
What does Iraq mean when translated into English?Fertile
22%
What famous superstition and animal is thought to originate in Iraq?Black Cat
11%
What is the national animal of Iraq? (also shares a last name with Alan)Chukar Partridge
11%
What is Iraq's national dish?Masgouf
11%
And in Arabic?Al-Jazirah
0%

Score Distribution

Percentile by Number Answered

Percent of People with Each Score

Your Score History

You have not taken this quiz